| 000 | 00741nam a2200253Ia 4500 | ||
|---|---|---|---|
| 008 | 191130s2007##################000#0#eng## | ||
| 020 | _a9780061206719 | ||
| 022 | _a2007296236 | ||
| 040 |
_aACL _cACL |
||
| 082 | _a306.362 BAT | ||
| 100 | _aBatstone, David B | ||
| 245 |
_aNot for sale : the return of the global slave trade-- and how we can fight it _cDavid Batstone |
||
| 250 | _a1st ed | ||
| 260 |
_aNew York _bHarperSanFrancisco _cc2007 |
||
| 300 | _a301 p. ; 21 cm | ||
| 500 | _aIncludes bibliographical references and index | ||
| 650 | _aChild slaves | ||
| 650 | _aForced labor | ||
| 650 | _aHuman trafficking | ||
| 650 | _aSlavery | ||
| 990 | _aafb1130eac10000c6eec785d5086b4a0 | ||
| 991 | _a223332 | ||
| 999 |
_c23683 _d23683 |
||